Elementos de derecho comercial (Registro nro. 3677)
[ vista simple ]
| 000 -LEADER | |
|---|---|
| fixed length control field | 01297 a2200253 4500 |
| 001 - CONTROL NUMBER | |
| control field | 43264 |
| 005 - DATE AND TIME OF LATEST TRANSACTION | |
| control field | 20260407155716.0 |
| 008 - FIXED-LENGTH DATA ELEMENTS--GENERAL INFORMATION | |
| fixed length control field | 260407a2017 arg spa d |
| 003 - CONTROL NUMBER IDENTIFIER | |
| control field | AR-UNSa-BCEJYS |
| 040 ## - CATALOGING SOURCE | |
| Original cataloging agency | AR-UNSa-BCEJYS |
| Language of cataloging | spa |
| Transcribing agency | AR-UNSa-BCEJYS |
| 080 ## - UNIVERSAL DECIMAL CLASSIFICATION NUMBER | |
| Universal Decimal Classification number | 347.7 |
| Common auxiliary subdivision | Derecho Mercantil. Derecho Comercial |
| 020 ## - INTERNATIONAL STANDARD BOOK NUMBER | |
| International Standard Book Number | 978-987-03-3195-7 |
| 041 ## - LANGUAGE CODE | |
| Language code of text/sound track or separate title | spa |
| 100 1# - MAIN ENTRY--PERSONAL NAME | |
| Personal name | Gebhardt, Marcelo |
| 245 10 - TITLE STATEMENT | |
| Title | Elementos de derecho comercial |
| 250 ## - EDITION STATEMENT | |
| Edition statement | 2a. ed. |
| 264 #1 - PRODUCTION, PUBLICATION, DISTRIBUTION, MANUFACTURE, AND COPYRIGHT NOTICE | |
| Place of production, publication, distribution, manufacture | Buenos Aires : |
| Name of producer, publisher, distributor, manufacturer | La Ley |
| Date of production, publication, distribution, manufacture, or copyright notice | 2017 |
| 300 ## - PHYSICAL DESCRIPTION | |
| Extent | xlvi, 937 p. |
| Dimensions | 24 cm. |
| 505 ## - FORMATTED CONTENTS NOTE | |
| Formatted contents note | 1. Antecedentes del derecho comercial, contenido y caracteres actuales - 2. Fuentes del derecho comercial - 3. El comerciante o empresario individual y colectivo. Auxiliares. Cargas y derechos - 4. Contratos y protección de los consumidores - 5. Contratos de empresa en particular - 6. Mercados financiero y bancario - 7. Garantías - 8. Títulos valores o de crédito - 9. Sociedades - 10. Concursos - 11. Seguros y derecho industrial - 12. Derecho aeronáutico - 13. Derecho de la navegación marítima - 14. Recursos naturales |
| 590 ## - LOCAL NOTE (RLIN) | |
| Local note | niveau_biblio:m niveau_hierar:0 |
| 700 1# - ADDED ENTRY--PERSONAL NAME | |
| Personal name | Gerscovich, Carlos Gustavo |
| 856 41 - ELECTRONIC LOCATION AND ACCESS | |
| Uniform Resource Identifier | <a href="https://biblioeco.unsa.edu.ar/pmb/images/libros/L126626.jpg">https://biblioeco.unsa.edu.ar/pmb/images/libros/L126626.jpg</a> |
| Link text | Imagen de portada |
| Electronic format type | image/jpeg |
| 942 ## - ADDED ENTRY ELEMENTS (KOHA) | |
| Koha item type | |
| Withdrawn status | Lost status | Damaged status | Not for loan | Home library | Current library | Shelving location | Date acquired | Total checkouts | Full call number | Barcode | Date last seen | Price effective from | Koha item type | Public note |
|---|---|---|---|---|---|---|---|---|---|---|---|---|---|---|
| Biblioteca Prof. Eusebio Cleto del Rey | Biblioteca Prof. Eusebio Cleto del Rey | 07/04/2026 | 347.7 G293 2ed. | L126626 | 07/04/2026 | 07/04/2026 | Libro | |||||||
| Biblioteca Prof. Eusebio Cleto del Rey | Biblioteca Prof. Eusebio Cleto del Rey | 07/04/2026 | 347.7 G293 2ed. | L126627 | 07/04/2026 | 07/04/2026 | Libro | HOJAS MANCHADAS | ||||||
| Biblioteca Prof. Eusebio Cleto del Rey | Biblioteca Prof. Eusebio Cleto del Rey | 07/04/2026 | 347.7 G293 2ed. | L126628 | 07/04/2026 | 07/04/2026 | Libro | |||||||
| Biblioteca Prof. Eusebio Cleto del Rey | Biblioteca Prof. Eusebio Cleto del Rey | 07/04/2026 | 347.7 G293 2ed. | L126629 | 07/04/2026 | 07/04/2026 | Libro | CANTO Y HOJAS MANCHADAS | ||||||
| Biblioteca Prof. Eusebio Cleto del Rey | Biblioteca Prof. Eusebio Cleto del Rey | 07/04/2026 | 347.7 G293 2ed. | L126630 | 07/04/2026 | 07/04/2026 | Libro | PRIMERAS PÁGINAS UN POCO DOBLADAS EN ESQUINA SUPERIOR DERECHA | ||||||
| Biblioteca Prof. Eusebio Cleto del Rey | Biblioteca Prof. Eusebio Cleto del Rey | 07/04/2026 | 347.7 G293 2ed. | L127561 | 07/04/2026 | 07/04/2026 | Libro | |||||||
| Biblioteca Prof. Eusebio Cleto del Rey | Biblioteca Prof. Eusebio Cleto del Rey | 07/04/2026 | 347.7 G293 2ed. | L127562 | 07/04/2026 | 07/04/2026 | Libro | |||||||
| Biblioteca Prof. Eusebio Cleto del Rey | Biblioteca Prof. Eusebio Cleto del Rey | 07/04/2026 | 347.7 G293 2ed. | L127563 | 07/04/2026 | 07/04/2026 | Libro | |||||||
| Biblioteca Prof. Eusebio Cleto del Rey | Biblioteca Prof. Eusebio Cleto del Rey | 07/04/2026 | 347.7 G293 2ed. | L127564 | 07/04/2026 | 07/04/2026 | Libro | |||||||
| Biblioteca Prof. Eusebio Cleto del Rey | Biblioteca Prof. Eusebio Cleto del Rey | 07/04/2026 | 347.7 G293 2ed. | L127565 | 07/04/2026 | 07/04/2026 | Libro |